000 00263nam a2200121Ia 4500
008 190216s9999||||xx |||||||||||||| ||und||
100 _aJohn Wyndham
245 4 _aThe Kraken Wakes
260 _bLongmans
_c1964
300 _a127p
650 _aNovel
942 _cBK
999 _c11782
_d11782